From market to market: bioprospecting's idioms of inclusion

Guardat en:
Dades bibliogràfiques
Autor principal: Hayden, Cori
Autor corporatiu: University of California-Berkeley
Format: Text
Publicat: s.l: American Anthropological Association
Matèries:
Etiquetes: Afegir etiqueta
Sense etiquetes, Sigues el primer a etiquetar aquest registre!

MARC

LEADER 00000 a a2200000 04500
001 32971
003
040
090 |a 205400  
100 |a Hayden, Cori  
110 |a University of California-Berkeley  
245 |a From market to market: bioprospecting's idioms of inclusion  
260 |a s.l:   |b American Anthropological Association  
300 |a pp. 359-371  
500 |a Publicado en: American Ethonologist, vol. 30 n°3 august 2003  
650 |a BIODIVERSIDAD  
650 |a RECURSOS NATURALES  
650 |a EXPLOTACION DE RECURSOS  
650 |a ECONOMIA DE MERCADO  
650 |a GLOBALIZACION  
650 |a PROPIEDAD INTELECTUAL  
650 |a AMERICA LATINA  
650 |a MEXICO  
999 |c 1911  |d 1911